[Event "XXIX Memorial Edoardo Crespi B"]
[Site "Milano ITA"]
[Date "2008.12.06"]
[Round "3"]
[White "Guzzetti, Luigi Enrico"]
[Black "Kimbin, Richard Conrod"]
[Result "0-1"]
[WhiteElo "1862"]
[BlackElo "1697"]
[PlyCount "82"]
[EventDate "2008.12.04"]

1. e4 c5 2. Nf3 d6 3. d4 cxd4 4. Nxd4 Nf6 5. Nc3 g6 6. Be2 Bg7 7. Be3 Nc6 8.
O-O O-O 9. f4 Bd7 10. h3 Qb6 11. Qd2 Nxe4 12. Nxc6 Qxc6 13. Nxe4 Qxe4 14. Bf3
Qf5 15. c3 Bc6 16. g4 Qb5 17. a4 Qc4 18. h4 Bxf3 19. Rxf3 f5 20. g5 Rfd8 21.
Qf2 b6 22. a5 e5 23. Kg2 Qe4 24. Re1 Qc6 25. axb6 axb6 26. Bxb6 e4 27. Bxd8
exf3+ 28. Kg3 Rxd8 29. Qe3 f2 30. Kxf2 Qc5 31. Rd1 Qxe3+ 32. Kxe3 Kf7 33. Rd3
Ke6 34. b4 Rc8 35. Kd2 Rc4 36. Rf3 Kd5 37. Kc2 Ke4 38. Rd3 d5 39. b5 Rc5 40. b6
Rb5 41. c4 Rb2+ 0-1

[Event "XXIX Memorial Edoardo Crespi B"]
[Site "Milano ITA"]
[Date "2008.12.06"]
[Round "3"]
[White "Landais, Federico"]
[Black "Gandolfi, Attilio"]
[Result "0-1"]
[WhiteElo "1888"]
[BlackElo "1844"]
[PlyCount "81"]
[EventDate "2008.12.04"]

1. e4 c5 2. Nf3 Nc6 3. d4 cxd4 4. Nxd4 Nf6 5. Nc3 a6 6. Be2 g6 7. Be3 Bg7 8. f4
d6 9. O-O O-O 10. Qd2 Bd7 11. a4 Rc8 12. Nb3 Bg4 13. Rfd1 Bxe2 14. Qxe2 Nd7 15.
Nd4 Nxd4 16. Bxd4 Bxd4+ 17. Rxd4 Qb6 18. Rad1 Rxc3 19. bxc3 e5 20. fxe5 dxe5
21. a5 Qc5 22. Qg4 Rd8 23. Qh4 Re8 24. Qh3 Re7 25. Qd3 exd4 26. cxd4 Qxa5 27.
h3 Qb6 28. c3 Nf6 29. Re1 Qc6 30. e5 Nd5 31. c4 Nf4 32. Qg3 Nh5 33. Qh4 Rd7 34.
d5 Qc5+ 35. Kh1 Ng7 36. Qg4 Nf5 37. Kh2 b5 38. e6 fxe6 39. cxb5 axb5 40. Rxe6
Qxd5 41. Re1 0-1

[Event "XXIX Memorial Edoardo Crespi B"]
[Site "Milano ITA"]
[Date "2008.12.06"]
[Round "3"]
[White "Lanni, Vincenzo"]
[Black "Murli, Almerico"]
[Result "1-0"]
[WhiteElo "1868"]
[BlackElo "1842"]
[PlyCount "83"]
[EventDate "2008.12.04"]

1. d4 Nf6 2. g3 g6 3. Bg2 Bg7 4. Nf3 d6 5. O-O O-O 6. c4 Nbd7 7. Nc3 e5 8. dxe5
dxe5 9. Qc2 c6 10. Be3 Ng4 11. Bd2 Qe7 12. Rad1 Re8 13. h3 Ngf6 14. Bc1 Nf8 15.
e4 N6d7 16. Be3 Nc5 17. b4 Nce6 18. c5 Bd7 19. Na4 Rad8 20. Rd6 Bc8 21. Rfd1
Rxd6 22. cxd6 Qd7 23. Nc5 Nxc5 24. bxc5 Ne6 25. h4 Qd8 26. Qa4 a6 27. Qb4 f5
28. exf5 gxf5 29. Ng5 Nxg5 30. Bxg5 Qd7 31. h5 h6 32. Bh4 e4 33. Qb3+ Kh8 34.
Bh3 Re5 35. Qb6 Rd5 36. Rxd5 cxd5 37. Qb3 Qc6 38. Qb4 Bd7 39. Bd8 d4 40. Qc4 b5
41. Qf7 Qxc5 42. Qxd7 1-0

[Event "XXIX Memorial Edoardo Crespi B"]
[Site "Milano ITA"]
[Date "2008.12.06"]
[Round "3"]
[White "Marino, Marco"]
[Black "Mei, Gianluca"]
[Result "0-1"]
[WhiteElo "1797"]
[BlackElo "1917"]
[PlyCount "66"]
[EventDate "2008.12.04"]

1. e4 e5 2. Nf3 Nc6 3. Bb5 Nf6 4. d3 d6 5. c3 Be7 6. Nbd2 Bd7 7. Nf1 O-O 8. Ne3
Re8 9. h3 Bf8 10. g4 g6 11. Rg1 Na5 12. g5 Nh5 13. Bxd7 Qxd7 14. Nd5 Bg7 15.
Qe2 Nc6 16. Bd2 Nd8 17. Qf1 Ne6 18. O-O-O c6 19. Ne3 b5 20. Nh2 Nef4 21. Rg4 a5
22. Rh4 d5 23. Neg4 Qe6 24. Kb1 dxe4 25. dxe4 Rad8 26. Nf3 Rd6 27. Bxf4 Nxf4
28. Ne3 Red8 29. Rxd6 Rxd6 30. Rg4 Qd7 31. h4 Rd3 32. Rg1 a4 33. Ne1 Rd1+ 0-1

[Event "XXIX Memorial Edoardo Crespi B"]
[Site "Milano ITA"]
[Date "2008.12.06"]
[Round "3"]
[White "Mircoli, Filippo"]
[Black "Pulvirenti, Gianni"]
[Result "0-1"]
[WhiteElo "1846"]
[BlackElo "1945"]
[PlyCount "82"]
[EventDate "2008.12.04"]

1. e4 d6 2. d4 g6 3. Bc4 Bg7 4. f4 c6 5. Nf3 Nf6 6. e5 Nd5 7. O-O O-O 8. Bd3
Bg4 9. c4 Nb4 10. Be2 c5 11. a3 N4c6 12. Be3 Bxf3 13. Bxf3 cxd4 14. Bxd4 dxe5
15. Bxe5 Qb6+ 16. c5 Qxc5+ 17. Kh1 Bxe5 18. fxe5 Qxe5 19. Nc3 Qc7 20. Rc1 e6
21. Ne4 Kg7 22. Qd2 Nd7 23. Ng5 Rae8 24. Qc3+ Qe5 25. Qd2 Qc7 26. Qc3+ f6 27.
Rfe1 Nde5 28. Bxc6 bxc6 29. Nf3 Nxf3 30. Qxf3 e5 31. Rxc6 Qb8 32. Rd1 Re7 33.
b4 e4 34. Qe3 f5 35. Qg5 Qe5 36. h4 f4 37. Qg4 f3 38. gxf3 Rxf3 39. Rc5 Qf6 40.
Rg1 Rf4 41. Qg5 Rxh4+ 0-1

[Event "XXIX Memorial Edoardo Crespi B"]
[Site "Milano ITA"]
[Date "2008.12.06"]
[Round "3"]
[White "Moreschi, Mauro"]
[Black "Quagliarella, Sabino Remo"]
[Result "1-0"]
[WhiteElo "1866"]
[BlackElo "1978"]
[PlyCount "113"]
[EventDate "2008.12.04"]

1. e4 g6 2. d4 Bg7 3. Be3 d6 4. Nc3 c6 5. Be2 Qa5 6. Qd2 Nf6 7. a3 b5 8. b4 Qc7
9. Bf3 a5 10. Nxb5 cxb5 11. e5 Ra6 12. exf6 Bxf6 13. Ne2 Bd7 14. O-O O-O 15. c3
Nc6 16. Nf4 e6 17. Nd3 Ne7 18. Bf4 Bc6 19. Nc5 Ra7 20. Bxc6 Qxc6 21. Bxd6 Rd8
22. Bxe7 Bxe7 23. Qe2 Rda8 24. Qb2 Bd6 25. Rfb1 a4 26. Re1 Rc8 27. Qe2 Be7 28.
Qe4 Qxe4 29. Rxe4 Bg5 30. Ra2 Kg7 31. f4 Bd8 32. Rae2 Bb6 33. Kf2 Rd8 34. Kf3
Rd5 35. Re5 Rxe5 36. Rxe5 Bc7 37. Re2 Bd6 38. d5 exd5 39. Rd2 Bxc5 40. bxc5 Rd7
41. Ke3 Re7+ 42. Kd4 Re4+ 43. Kxd5 Rxf4 44. c6 Rc4 45. Kd6 Rxc3 46. c7 b4 47.
Kd7 Rxa3 48. c8=Q Rb3 49. Qc4 Rb1 50. Qd4+ f6 51. Rf2 a3 52. Qxf6+ Kh6 53. Rf3
Rd1+ 54. Ke6 Re1+ 55. Kf7 Kh5 56. g4+ Kxg4 57. Qf4+ 1-0

[Event "XXIX Memorial Edoardo Crespi B"]
[Site "Milano ITA"]
[Date "2008.12.06"]
[Round "3"]
[White "Oteri, Aldo"]
[Black "Piantoni, Pierino"]
[Result "0-1"]
[WhiteElo "1831"]
[BlackElo "1935"]
[PlyCount "116"]
[EventDate "2008.12.04"]

1. e4 e6 2. d4 d5 3. Nd2 a6 4. Ngf3 c5 5. c3 Nc6 6. dxc5 Bxc5 7. Nb3 Bb6 8. Bg5
f6 9. exd5 exd5 10. Bf4 Nge7 11. Bd3 O-O 12. Qc2 g6 13. O-O-O Be6 14. h4 Nb4
15. Qe2 Nxd3+ 16. Rxd3 Bf5 17. Rd2 Rc8 18. Nfd4 Re8 19. Nxf5 Nxf5 20. Qd3 d4
21. g4 dxc3 22. bxc3 Qxd3 23. Rxd3 Re4 24. gxf5 Rxf4 25. fxg6 hxg6 26. f3 Rc7
27. Kb2 Re7 28. Nd4 Kh7 29. Rh2 Kh6 30. Ne2 Rf5 31. Ng3 Rb5+ 32. Kc2 Bc7 33.
Rg2 Bxg3 34. Rxg3 Re2+ 35. Rd2 Rxd2+ 36. Kxd2 Rb2+ 37. Kc1 Rxa2 38. Rg4 Rf2 39.
Rf4 f5 40. Kd1 Kh5 41. Ke1 Ra2 42. Rb4 b5 43. c4 bxc4 44. Rxc4 a5 45. Kf1 a4
46. Rb4 a3 47. Ra4 Ra1+ 48. Kg2 a2 49. Ra8 Kxh4 50. Ra4+ Kg5 51. Kh2 Rf1 52.
Rxa2 Rxf3 53. Kg2 Rb3 54. Ra6 Kh5 55. Rf6 Rb5 56. Kf3 g5 57. Rf8 Rb3+ 58. Kg2
Kg4 0-1

[Event "XXIX Memorial Edoardo Crespi B"]
[Site "Milano ITA"]
[Date "2008.12.06"]
[Round "3"]
[White "Papale, Carmelo"]
[Black "Acunzo, Domenico"]
[Result "0-1"]
[WhiteElo "1889"]
[BlackElo "1797"]
[PlyCount "52"]
[EventDate "2008.12.04"]

1. e4 e6 2. d4 d5 3. Nc3 Bb4 4. e5 c5 5. a3 Bxc3+ 6. bxc3 Ne7 7. Nf3 Nbc6 8. a4
Bd7 9. Be2 O-O 10. O-O Rc8 11. Re1 Nf5 12. Bd3 h6 13. Bd2 c4 14. Bxf5 exf5 15.
Qc1 Kh7 16. Qa3 g5 17. g3 Rg8 18. h3 f4 19. Kh2 Bxh3 20. Rh1 Bf5 21. Rae1 fxg3+
22. fxg3 Be4 23. Rhf1 Qd7 24. Rb1 Nd8 25. Rf2 Qg4 26. Qe7 Qh5+ 0-1

[Event "XXIX Memorial Edoardo Crespi B"]
[Site "Milano ITA"]
[Date "2008.12.06"]
[Round "3"]
[White "Regorda, Massimiliano"]
[Black "Guerra, Efrain"]
[Result "1/2-1/2"]
[WhiteElo "1898"]
[BlackElo "1941"]
[PlyCount "120"]
[EventDate "2008.12.04"]

1. e4 c5 2. Nf3 d6 3. Bb5+ Bd7 4. Bxd7+ Nxd7 5. d4 cxd4 6. Nxd4 g6 7. O-O Bg7
8. c3 Ngf6 9. Re1 O-O 10. Nd2 a6 11. N2f3 Rc8 12. Bg5 Rc5 13. Nb3 Rc8 14. e5
dxe5 15. Nxe5 Nxe5 16. Rxe5 Qc7 17. Rc5 Qb8 18. Rxc8 Rxc8 19. Qe2 Qc7 20. Rd1
h5 21. g3 e6 22. Bf4 Qc6 23. Rd6 Qa4 24. Rxe6 Qxa2 25. Rb6 Qb1+ 26. Kg2 Re8 27.
Qc4 Qf5 28. Rxb7 Nd5 29. Rb8 Rxb8 30. Bxb8 g5 31. Nc5 Nf6 32. b4 h4 33. gxh4
gxh4 34. Qxh4 Qd5+ 35. f3 Qd2+ 36. Qf2 Qxc3 37. Nxa6 Nd5 38. Qe2 Ne3+ 39. Kg3
Bd4 40. Bf4 Nf5+ 41. Kg2 Qa1 42. Nc5 Qg1+ 43. Kh3 Bxc5 44. bxc5 Qxc5 45. Qe8+
Qf8 46. Qxf8+ Kxf8 47. Kg4 Nd4 48. h4 Kg8 49. Be5 Nc6 50. f4 Ne7 51. Kg5 Nd5
52. Bd6 Kh7 53. Kf5 Kg7 54. Ke5 Ne3 55. Be7 Kg6 56. Ke4 Ng4 57. f5+ Kh5 58. Bd8
f6 59. Kd5 Kxh4 60. Ke6 Kg5 1/2-1/2

[Event "XXIX Memorial Edoardo Crespi B"]
[Site "Milano ITA"]
[Date "2008.12.06"]
[Round "3"]
[White "Regorda, Vittorio"]
[Black "Colombo, Luca"]
[Result "0-1"]
[WhiteElo "1860"]
[BlackElo "1831"]
[PlyCount "122"]
[EventDate "2008.12.04"]

1. d4 Nf6 2. Nf3 g6 3. Bg5 Bg7 4. e3 d6 5. Bd3 O-O 6. O-O Nbd7 7. e4 c5 8. c3
b6 9. Nbd2 Bb7 10. Qe2 Rc8 11. Ba6 Qc7 12. Bxb7 Qxb7 13. h3 cxd4 14. Nxd4 Rc5
15. Bh4 Rfc8 16. N4b3 R5c7 17. Rfe1 Ne5 18. Bg3 Nc4 19. Nxc4 Rxc4 20. Nd2 R4c7
21. e5 Nh5 22. Bh2 dxe5 23. Bxe5 Bxe5 24. Qxe5 Nf6 25. Nb3 Qd5 26. Rad1 Qxe5
27. Rxe5 e6 28. Re2 Nd5 29. g3 Kg7 30. Nd4 Rd7 31. Red2 a6 32. Ne2 Rdc7 33. Nd4
b5 34. a3 Nb6 35. Nf3 Nc4 36. Re2 Rc6 37. Ne5 Nxe5 38. Rxe5 Rc5 39. Re3 Rd5 40.
Rxd5 exd5 41. Rd3 Rd8 42. Rd4 Kf6 43. f3 Ke6 44. a4 Kd6 45. axb5 axb5 46. Kf2
Rc8 47. Ke3 Ra8 48. Kf4 f6 49. h4 Ra2 50. Rb4 Kc5 51. Rb3 Ra4+ 52. Ke3 Kc4 53.
Ra3 Rxa3 54. bxa3 Kxc3 55. Ke2 Kc2 56. Ke3 Kc3 57. Ke2 d4 58. Kd1 d3 59. g4 d2
60. f4 f5 61. gxf5 gxf5 0-1

[Event "XXIX Memorial Edoardo Crespi B"]
[Site "Milano ITA"]
[Date "2008.12.06"]
[Round "3"]
[White "Rossi, Giampiero"]
[Black "Cartella, Giovanni"]
[Result "1-0"]
[WhiteElo "1984"]
[BlackElo "1861"]
[PlyCount "33"]
[EventDate "2008.12.04"]

1. d4 d5 2. c4 c6 3. cxd5 cxd5 4. Nc3 Nf6 5. Nf3 e6 6. Bf4 a6 7. e3 Be7 8. Bd3
Nbd7 9. h3 Qb6 10. Qb3 Qxb3 11. axb3 O-O 12. O-O b5 13. Nxb5 e5 14. Nxe5 Nh5
15. Nc7 Ra7 16. Nxd5 Nxe5 17. Nxe7+ 1-0

[Event "XXIX Memorial Edoardo Crespi B"]
[Site "Milano ITA"]
[Date "2008.12.06"]
[Round "3"]
[White "Silari, Andrea"]
[Black "Iacchetti, Giovanni"]
[Result "1/2-1/2"]
[WhiteElo "1810"]
[BlackElo "1889"]
[PlyCount "34"]
[EventDate "2008.12.04"]

1. e4 g6 2. d4 d6 3. Nc3 Nf6 4. f4 Bg7 5. Nf3 O-O 6. Bc4 c5 7. dxc5 Qa5 8. cxd6
Nxe4 9. dxe7 Bxc3+ 10. bxc3 Re8 11. O-O Qc5+ 12. Qd4 Rxe7 13. Qxc5 Nxc5 14. Ba3
Rc7 15. Ng5 Ne6 16. Nxe6 Rxc4 17. Nd4 Nc6 1/2-1/2

[Event "XXIX Memorial Edoardo Crespi B"]
[Site "Milano ITA"]
[Date "2008.12.06"]
[Round "3"]
[White "Villalba, Fernando"]
[Black "Zeppos, Panagiotis"]
[Result "1-0"]
[WhiteElo "1934"]
[BlackElo "1823"]
[PlyCount "86"]
[EventDate "2008.12.04"]

1. d4 d5 2. Nf3 Nf6 3. Bf4 e6 4. e3 Be7 5. Nbd2 O-O 6. h3 Nbd7 7. Be2 b6 8. O-O
Bb7 9. c4 Rc8 10. cxd5 exd5 11. Rc1 c5 12. Ne5 Ne4 13. Nxe4 dxe4 14. Bg4 f5 15.
Be2 Nxe5 16. Bxe5 Kh8 17. Qa4 a6 18. dxc5 Bxc5 19. Rfd1 Qe7 20. Bc3 Bc6 21. Qc2
f4 22. b4 fxe3 23. bxc5 exf2+ 24. Kf1 e3 25. Rd6 Qg5 26. Rxc6 Rxc6 27. Qa4 Rxc5
28. Qb4 Qf4 29. Qxf4 Rxf4 30. Rd1 Rc8 31. Bd4 Re4 32. Bxb6 g6 33. Bf3 Ra4 34.
Bxe3 h5 35. Rd7 Rcc4 36. Bh6 Rc8 37. Bg7+ Kh7 38. Bf6+ Kg8 39. Bg5 Rb8 40. Bd5+
Kf8 41. Bb3 Ra5 42. Bh6+ Ke8 43. Rg7 Rf5 1-0

[Event "XXIX Memorial Edoardo Crespi B"]
[Site "Milano ITA"]
[Date "2008.12.07"]
[Round "4"]
[White "Acunzo, Domenico"]
[Black "Kimbin, Richard Conrod"]
[Result "0-1"]
[WhiteElo "1797"]
[BlackElo "1697"]
[PlyCount "66"]
[EventDate "2008.12.04"]

1. e4 c5 2. Nf3 d6 3. c3 Nf6 4. Be2 Nc6 5. d4 e6 6. Qc2 Qc7 7. O-O Bd7 8. Na3
a6 9. Bg5 Be7 10. Rac1 Rc8 11. Qb1 b5 12. Rfd1 c4 13. h3 d5 14. e5 Ne4 15. Bxe7
Nxe7 16. Nd2 f5 17. exf6 Nxf6 18. Nc2 Nf5 19. Ne1 O-O 20. Nef3 Be8 21. Ne5 Nd7
22. Ndf3 Nxe5 23. Nxe5 Nh4 24. Bg4 Qe7 25. Re1 h5 26. Be2 Qg5 27. g3 Bg6 28.
Nxg6 Nxg6 29. Rc2 Rf6 30. Qc1 Qf5 31. Qe3 Qxh3 32. Bf1 Qf5 33. Bg2 Qxc2 0-1

[Event "XXIX Memorial Edoardo Crespi B"]
[Site "Milano ITA"]
[Date "2008.12.07"]
[Round "4"]
[White "Arboscelli, Gregorio"]
[Black "Rossi, Giampiero"]
[Result "1/2-1/2"]
[WhiteElo "1898"]
[BlackElo "1984"]
[PlyCount "90"]
[EventDate "2008.12.04"]

1. d4 d5 2. c4 e6 3. Nc3 c6 4. Nf3 Nf6 5. Bg5 Nbd7 6. e3 Qa5 7. Nd2 Bb4 8. Qc2
O-O 9. Be2 dxc4 10. Bxf6 Nxf6 11. Nxc4 Bxc3+ 12. bxc3 Qc7 13. O-O b6 14. Bf3
Ba6 15. Be2 Rfd8 16. Ne5 Bxe2 17. Qxe2 c5 18. Rfc1 Rac8 19. Qb2 Nd7 20. Nxd7
Rxd7 21. Rd1 Qd8 22. a4 cxd4 23. Rxd4 e5 24. Rxd7 Qxd7 25. h3 Qd3 26. Ra3 h6
27. Qb5 Qd1+ 28. Kh2 Qd6 29. Qb4 Qxb4 30. cxb4 Rc2 31. Kg3 Rb2 32. b5 Rb4 33.
f4 exf4+ 34. exf4 Kf8 35. Kf3 Ke7 36. Re3+ Kd6 37. Rd3+ Ke6 38. Re3+ Kf6 39.
Re4 Rb3+ 40. Re3 Rxe3+ 41. Kxe3 Ke6 42. Ke4 g6 43. g4 f5+ 44. gxf5+ gxf5+ 45.
Kd4 Kd6 1/2-1/2

[Event "XXIX Memorial Edoardo Crespi B"]
[Site "Milano ITA"]
[Date "2008.12.07"]
[Round "4"]
[White "Bisignano, Giuseppe"]
[Black "Cerioni, Armando"]
[Result "1-0"]
[WhiteElo "1903"]
[BlackElo "1976"]
[PlyCount "69"]
[EventDate "2008.12.04"]

1. e4 g6 2. d4 Bg7 3. Nc3 c6 4. Nf3 d6 5. Bd3 e5 6. dxe5 dxe5 7. Be3 Ne7 8. Qe2
O-O 9. O-O Bg4 10. Bc4 Nd7 11. Rfd1 Qe8 12. h3 Bxf3 13. Qxf3 Kh8 14. Qe2 f5 15.
f3 f4 16. Bf2 g5 17. Rd6 Rf6 18. Rad1 Rxd6 19. Rxd6 Nb6 20. Bxb6 axb6 21. Qd2
Ng6 22. Rd7 Rb8 23. Na4 Nf8 24. Rc7 b5 25. Bf7 Qd8 26. Qxd8 Rxd8 27. Nb6 Rb8
28. Nc8 Bf6 29. Ne7 Rd8 30. Rxb7 Rd2 31. Bb3 h5 32. Nf5 Nd7 33. Rc7 Bd8 34.
Rxc6 Nf6 35. Rd6 1-0

[Event "XXIX Memorial Edoardo Crespi B"]
[Site "Milano ITA"]
[Date "2008.12.07"]
[Round "4"]
[White "Cardani, Roberto"]
[Black "Casale, Anania"]
[Result "1-0"]
[WhiteElo "1900"]
[BlackElo "1744"]
[PlyCount "57"]
[EventDate "2008.12.04"]

1. e4 c5 2. Nf3 e6 3. d4 cxd4 4. Nxd4 a6 5. Bd3 Qc7 6. O-O Nc6 7. Nb3 Nf6 8.
Nc3 Be7 9. Qe2 O-O 10. a4 d6 11. Be3 Nb4 12. a5 Nxd3 13. cxd3 e5 14. Rfc1 Be6
15. Nd5 Qd7 16. Rc7 Qxc7 17. Nxc7 Bxb3 18. Nxa8 Rxa8 19. Rc1 d5 20. Bb6 h6 21.
exd5 Nxd5 22. Qxe5 Bf6 23. Qf5 Re8 24. Rc8 Rxc8 25. Qxc8+ Kh7 26. Qxb7 Nf4 27.
Qxa6 Bc2 28. Qc4 Ne2+ 29. Kf1 1-0

[Event "XXIX Memorial Edoardo Crespi B"]
[Site "Milano ITA"]
[Date "2008.12.07"]
[Round "4"]
[White "Cartella, Giovanni"]
[Black "Alidosi, Marco"]
[Result "0-1"]
[WhiteElo "1861"]
[BlackElo "1794"]
[PlyCount "98"]
[EventDate "2008.12.04"]

1. d4 Nf6 2. Nf3 g6 3. Bg5 Bg7 4. e3 d6 5. c3 O-O 6. Bd3 Nbd7 7. Nbd2 c6 8. Qc2
Re8 9. h4 e5 10. h5 Nf8 11. hxg6 hxg6 12. O-O-O Qa5 13. Bxf6 Bxf6 14. b3 Bg4
15. Ne4 Bg7 16. Rh4 Bxf3 17. gxf3 exd4 18. cxd4 d5 19. Nc5 b6 20. Na4 Qb4 21.
Qd2 Qe7 22. Rdh1 c5 23. dxc5 bxc5 24. Bb5 Red8 25. Bc6 Rac8 26. Bxd5 Qe5 27. e4
c4 28. Kd1 cxb3 29. axb3 Bf6 30. f4 Qe7 31. R4h3 Rb8 32. Ke2 Rb4 33. Rd3 Rdb8
34. Kf1 Rxe4 35. Bxe4 Qxe4 36. f3 Qf5 37. Kg2 Ne6 38. Kg3 Ng7 39. Rd5 Qc8 40.
Nc5 Nf5+ 41. Kg2 Kg7 42. Nd7 Bc3 43. Qd3 Rxb3 44. Rc1 Qa8 45. Ne5 Rb2+ 46. Kg1
Qh8 47. Ng4 Bf6 48. Rc2 Rb1+ 49. Qd1 Rxd1+ 0-1

[Event "XXIX Memorial Edoardo Crespi B"]
[Site "Milano ITA"]
[Date "2008.12.07"]
[Round "4"]
[White "Ciciotti, Augusto"]
[Black "Bettini, Massimo"]
[Result "0-1"]
[WhiteElo "1900"]
[BlackElo "1842"]
[PlyCount "72"]
[EventDate "2008.12.04"]

1. d4 Nf6 2. c4 g6 3. Nc3 Bg7 4. e4 d6 5. Nf3 O-O 6. Be2 e5 7. O-O Nc6 8. d5
Ne7 9. b4 Ne8 10. Nd2 f5 11. f3 f4 12. c5 g5 13. Nc4 h5 14. Bd2 Rf6 15. Be1 Rg6
16. g4 fxg3 17. hxg3 Rh6 18. Kg2 Ng6 19. Rh1 h4 20. g4 Nf4+ 21. Kg1 Qf6 22. Ne3
Bf8 23. Nf5 Bxf5 24. exf5 dxc5 25. Ne4 Qh8 26. Bc4 Nd6 27. Qb3 h3 28. Nxg5 h2+
29. Kf1 Be7 30. Ne6 Rxe6 31. dxe6 Qh3+ 32. Kf2 Qg2+ 33. Ke3 Qxh1 34. Bc3 Qxa1
35. Bxa1 h1=Q 36. Bxe5 Qc1+ 0-1

[Event "XXIX Memorial Edoardo Crespi B"]
[Site "Milano ITA"]
[Date "2008.12.07"]
[Round "4"]
[White "Coladangelo, Andrea"]
[Black "Delledonne, Francesco"]
[Result "1/2-1/2"]
[WhiteElo "1893"]
[BlackElo "1938"]
[PlyCount "72"]
[EventDate "2008.12.04"]

1. e4 c6 2. d4 d5 3. exd5 cxd5 4. c4 Nf6 5. Nc3 e6 6. Nf3 Bb4 7. Bd3 dxc4 8.
Bxc4 Qc7 9. Qe2 O-O 10. O-O h6 11. Nb5 Qd8 12. Bf4 Na6 13. Rac1 Bd7 14. Nd6 Bc6
15. Nxb7 Bxb7 16. Bxa6 Bxf3 17. Qxf3 Qxd4 18. Bb7 Rad8 19. Bc7 Rd7 20. b3 Nd5
21. Rc4 Qd2 22. Bxd5 Qxd5 23. Qxd5 exd5 24. Rxb4 Rxc7 25. Rd4 Rd8 26. g3 Kf8
27. Rfd1 Rcd7 28. Kg2 Ke7 29. Kf3 Ke6 30. Ke3 Rc8 31. R1d2 Rc3+ 32. R2d3 Rxd3+
33. Kxd3 Kd6 34. Ra4 Kc5 35. Ra5+ Kb4 36. Ra4+ Kc5 1/2-1/2

[Event "XXIX Memorial Edoardo Crespi B"]
[Site "Milano ITA"]
[Date "2008.12.07"]
[Round "4"]
[White "Colombo, Luca"]
[Black "Bisignano, Riccardo"]
[Result "0-1"]
[WhiteElo "1831"]
[BlackElo "1891"]
[PlyCount "70"]
[EventDate "2008.12.04"]

1. e4 c5 2. Nc3 Nc6 3. g3 g6 4. Bg2 Bg7 5. d3 d6 6. Be3 e6 7. Qd2 Rb8 8. Nge2
b5 9. O-O b4 10. Nd1 Nge7 11. Bh6 O-O 12. Bxg7 Kxg7 13. f4 f5 14. c3 a5 15. d4
cxd4 16. Nxd4 Qb6 17. Kh1 Nxd4 18. cxd4 Bb7 19. Nf2 Rfc8 20. Rac1 fxe4 21. Bxe4
Nf5 22. Bxb7 Qxb7+ 23. Kg1 Qd5 24. Ng4 Nxd4 25. Qf2 Rxc1 26. Rxc1 Rb7 27. Rc8
e5 28. fxe5 Nf3+ 29. Kf1 Rf7 30. Nf6 Qxe5 31. Ne8+ Kh6 32. Kg2 Ne1+ 33. Kf1
Rxf2+ 34. Kxf2 Nd3+ 35. Kf3 Qf5+ 0-1

[Event "XXIX Memorial Edoardo Crespi B"]
[Site "Milano ITA"]
[Date "2008.12.07"]
[Round "4"]
[White "Fizzotti, Mario"]
[Black "Regorda, Vittorio"]
[Result "1/2-1/2"]
[WhiteElo "1795"]
[BlackElo "1860"]
[PlyCount "163"]
[EventDate "2008.12.04"]

1. d4 d5 2. c4 c6 3. Nf3 Nf6 4. Nc3 a6 5. e3 e6 6. Bd3 Nbd7 7. O-O dxc4 8. Bxc4
b5 9. Bd3 Bb7 10. Qe2 c5 11. Rd1 Qc7 12. e4 cxd4 13. Nxd4 Bc5 14. Nb3 O-O 15.
Bg5 Bd6 16. h3 Bf4 17. Bxf4 Qxf4 18. Na5 Rab8 19. Nxb7 Rxb7 20. g3 Qh6 21. e5
Nd5 22. Nxd5 exd5 23. Bf5 Nb6 24. Rd4 Qg5 25. Qd3 g6 26. Rg4 Qh5 27. e6 Kh8 28.
Qd4+ f6 29. Bd3 Qe5 30. Qb4 Re8 31. Re1 Qc7 32. Qd4 Qg7 33. Rf4 f5 34. Qb4 Qe7
35. Qd4+ Qg7 36. Qe3 Nc4 37. Qf3 Nxb2 38. Qxd5 Nxd3 39. Qxd3 Rbe7 40. Qd6 Qc3
41. Kf1 Qc8 42. g4 Rxe6 43. Rxe6 Qxe6 44. Qxe6 Rxe6 45. gxf5 Rf6 46. Rd4 Rxf5
47. Rd6 a5 48. Ra6 b4 49. Ra7 Rf3 50. Rxa5 Rxh3 51. Ra4 Ra3 52. Rxb4 Rxa2 53.
Rb7 Ra6 54. Kg2 Rf6 55. Kg3 Kg8 56. f4 Rf7 57. Rb2 Kg7 58. Rb6 h5 59. Re6 Rf5
60. Rb6 Kh6 61. Ra6 Rb5 62. Rc6 Rb3+ 63. Kh4 Rb4 64. Kg3 Kg7 65. Ra6 Rb3+ 66.
Kh4 Rf3 67. Kg5 Rg3+ 68. Kh4 Rg4+ 69. Kh3 Rxf4 70. Rb6 Kh6 71. Kg3 Rc4 72. Ra6
h4+ 73. Kh3 Kh5 74. Ra5+ g5 75. Rb5 Rc3+ 76. Kh2 h3 77. Ra5 Kh4 78. Ra4+ g4 79.
Rb4 Rc2+ 80. Kh1 h2 81. Rb3 g3 82. Rxg3 1/2-1/2

[Event "XXIX Memorial Edoardo Crespi B"]
[Site "Milano ITA"]
[Date "2008.12.07"]
[Round "4"]
[White "Gandolfi, Attilio"]
[Black "Regorda, Massimiliano"]
[Result "0-1"]
[WhiteElo "1844"]
[BlackElo "1898"]
[PlyCount "76"]
[EventDate "2008.12.04"]

1. c4 e5 2. Nc3 f5 3. e3 d6 4. d4 Nc6 5. dxe5 Nxe5 6. Nf3 Nf6 7. Nxe5 dxe5 8.
Qxd8+ Kxd8 9. Bd2 Be6 10. Be2 c6 11. O-O Kc7 12. a3 Rd8 13. Rad1 Be7 14. b4 Rd7
15. Bc1 Rhd8 16. Bb2 Rd2 17. Rxd2 Rxd2 18. Ba1 e4 19. Rd1 Rxd1+ 20. Nxd1 a5 21.
c5 axb4 22. axb4 Nd5 23. Bxg7 Nxb4 24. Be5+ Kd7 25. Bd4 Nc2 26. Nc3 Nxd4 27.
exd4 Bf6 28. d5 cxd5 29. Bb5+ Kc7 30. Ne2 Be5 31. Kf1 Bd7 32. Bxd7 Kxd7 33. g3
Kc6 34. Nc1 Kxc5 35. Ke2 d4 36. Kd2 Kc4 37. Ne2 d3 38. Nc1 Bb2 0-1

[Event "XXIX Memorial Edoardo Crespi B"]
[Site "Milano ITA"]
[Date "2008.12.07"]
[Round "4"]
[White "Guerra, Efrain"]
[Black "Moreschi, Mauro"]
[Result "1-0"]
[WhiteElo "1941"]
[BlackElo "1866"]
[PlyCount "109"]
[EventDate "2008.12.04"]

1. e4 d6 2. d4 Nf6 3. Bd3 e5 4. c3 c6 5. Ne2 Bg4 6. O-O Nbd7 7. Be3 Qc7 8. Nd2
d5 9. f4 exd4 10. cxd4 dxe4 11. Nxe4 Nxe4 12. Bxe4 Nf6 13. Bf3 Bxf3 14. Rxf3
Nd5 15. Bf2 Bd6 16. Qd3 O-O-O 17. Rc1 Kb8 18. g3 Qd7 19. Qb3 g5 20. fxg5 h6 21.
g6 fxg6 22. Nc3 Bc7 23. Nxd5 Qxd5 24. Qxd5 Rxd5 25. Rf6 Bb6 26. Rxg6 Bxd4 27.
Bxd4 Rxd4 28. Rf1 Rh7 29. Kg2 Kc7 30. Rf4 Rd6 31. Rgf6 Re7 32. g4 Re2+ 33. Rf2
Rxf2+ 34. Rxf2 a5 35. h4 b5 36. Kg3 Kd7 37. g5 hxg5 38. hxg5 a4 39. Kg4 Ke7 40.
Kf5 Rd8 41. Re2+ Kf8 42. Kf6 c5 43. Re5 Rd6+ 44. Kf5 Rd2 45. Rxc5 Rxb2 46. a3
Rb3 47. Kg6 Rxa3 48. Rxb5 Rb3 49. Ra5 Rb6+ 50. Kh7 Rb4 51. Ra8+ Kf7 52. g6+ Kf6
53. Ra6+ Ke7 54. g7 Rg4 55. g8=Q 1-0

[Event "XXIX Memorial Edoardo Crespi B"]
[Site "Milano ITA"]
[Date "2008.12.07"]
[Round "4"]
[White "Guzzetti, Luigi Enrico"]
[Black "Fornasir, Carlo Gustavo"]
[Result "0-1"]
[WhiteElo "1862"]
[BlackElo "1919"]
[PlyCount "104"]
[EventDate "2008.12.04"]

1. e4 e5 2. Nf3 Nc6 3. Bb5 f5 4. d4 fxe4 5. Bxc6 dxc6 6. Nxe5 Nf6 7. Bg5 Be6 8.
c4 Bb4+ 9. Nc3 O-O 10. O-O Bxc3 11. bxc3 Qe8 12. Rb1 b5 13. Qe2 bxc4 14. Rb7
Nd5 15. Qxc4 Ne3 16. Qxc6 Qxc6 17. Nxc6 Nxf1 18. d5 Bc8 19. Rxc7 Ba6 20. Ne7+
Kh8 21. c4 e3 22. Kxf1 Rxf2+ 23. Ke1 Rb8 24. Bxe3 Rc2 25. Kd1 Rxg2 26. Kc1 Rf8
27. Bd2 Rf1+ 28. Kc2 Rff2 29. Rxa7 Rxd2+ 30. Kb3 Rb2+ 31. Ka3 Rxa2+ 32. Kb4
Rgb2+ 33. Kc3 Rc2+ 34. Kd4 Rxc4+ 35. Ke5 h6 36. Kd6 Rca4 37. Rd7 Bb5 38. Rb7
Bc4 39. Ng6+ Kh7 40. Nf8+ Kg8 41. Ne6 Ra7 42. Rb8+ Kf7 43. Nd8+ Kg6 44. Kc5 Bd3
45. Nc6 Rc7 46. d6 Rxc6+ 47. Kxc6 Rc2+ 48. Kd7 Bf5+ 49. Ke7 Re2+ 50. Kf8 Rf2
51. Ke7 Rxh2 52. Rb6 Kg5 0-1

[Event "XXIX Memorial Edoardo Crespi B"]
[Site "Milano ITA"]
[Date "2008.12.07"]
[Round "4"]
[White "Iacchetti, Giovanni"]
[Black "Marino, Marco"]
[Result "1-0"]
[WhiteElo "1889"]
[BlackElo "1797"]
[PlyCount "69"]
[EventDate "2008.12.04"]

1. d4 Nf6 2. c4 g6 3. Nc3 Bg7 4. e4 d6 5. f3 O-O 6. Nge2 e5 7. Bg5 c6 8. d5 a6
9. Qd2 Qa5 10. Ng3 cxd5 11. cxd5 b5 12. Bd3 Bb7 13. O-O Rc8 14. Be3 Nbd7 15. a3
Qd8 16. Rac1 Nc5 17. Bxc5 Rxc5 18. b4 Rc7 19. Nce2 Rac8 20. Rxc7 Rxc7 21. Qe3
Nd7 22. Rc1 h5 23. Rxc7 Qxc7 24. Nf1 Qb6 25. Qxb6 Nxb6 26. Nd2 Na4 27. Nb3 Kf8
28. Na5 Ba8 29. Kf2 Bf6 30. Bc2 Nb2 31. Nc3 Bd8 32. Nc6 Nc4 33. Nxd8 Nxa3 34.
Bd3 Ke7 35. Nc6+ 1-0